[Event "Den Bosch"]
[Site "Hertogenbosch NED"]
[Date "1999.11.25"]
[Round "8"]
[White "Rogers,I"]
[Black "Buecker,S"]
[Result "1-0"]
[WhiteElo "2574"]
[BlackElo "2341"]

1.e4 e6 2.d4 d5 3.Nd2 Nc6 4.Ngf3 Be7 5.e5 f5 6.c4 Nh6 7.cxd5 exd5 8.Nb3 Nf7
9.Bd3 a5 10.O-O a4 11.Nbd2 g5 12.Bb5 Ra5 13.Bxa4 g4 14.Bxc6+ bxc6 15.Nb3 Ra7
16.Ne1 Ba6 17.Nd3 Qa8 18.Re1 Bb5 19.a3 Ba4 20.Bd2 c5 21.dxc5 d4 22.e6 Nd8
23.Nf4 Bxc5 24.Qc2 Bd6 25.Qxf5 Bxb3 26.Qh5+ Kf8 27.Ng6+ Kg8 28.e7 Ne6 29.Nxh8 Bxe7
30.Qf7+ Kxh8 31.Qxe7 Ra6 32.Bh6  1-0

[Event "ch-ARG Najdorf mem"]
[Site "Buenos Aires ARG"]
[Date "1999.11.27"]
[Round "8"]
[White "Zarnicki,P"]
[Black "Giaccio,A"]
[Result "1/2-1/2"]
[WhiteElo "2497"]
[BlackElo "2505"]

1.e4 e6 2.d4 d5 3.Nd2 Be7 4.Bd3 c5 5.dxc5 Nd7 6.exd5 exd5 7.Nb3 Nxc5 8.Bb5+ Bd7
9.Bxd7+ Qxd7 10.Nf3 Nf6 11.O-O O-O 12.Nfd4 Rac8 13.c3 Bd6 14.Qf3 Qg4 15.Qxg4 Nxg4
16.Nf5 Rfd8 17.Nxd6 Rxd6 18.Nxc5 Rxc5 19.f3 Ne5 20.Re1 Re6 21.Be3 Rb5 22.b3 Nd3
23.Re2 Nf4  1/2-1/2

[Event "Eu Team Ch"]
[Site "Batumi GEO"]
[Date "1999.11.29"]
[Round "1"]
[White "Nisipeanu,LD"]
[Black "Orr,M"]
[Result "1-0"]
[WhiteElo "2584"]
[BlackElo "2350"]

1.e4 e6 2.d4 d5 3.Nd2 Be7 4.Ngf3 Nf6 5.e5 Ne4 6.Bd3 Nxd2 7.Bxd2 c5 8.dxc5 Bxc5
9.O-O Nc6 10.c3 Bd7 11.Qe2 h6 12.b4 Bb6 13.Rac1 a6 14.a4 Ne7 15.a5 Ba7 16.Be3 Bxe3
17.Qxe3 Nc6 18.Rfe1 O-O 19.Bb1 Qe7 20.Qd3 g6 21.h4 f5 22.exf6 Rxf6 23.Nh2 h5
24.Nf3 Qd6 25.Re3 Raf8 26.Rce1 Be8 27.Ba2 Bf7 28.Qd2 Kg7 29.Ng5 Qd7 30.Ne4 Rf5
31.Nc5 Qd8 32.Bb1 Rf4 33.Nxe6+ Bxe6 34.Rxe6 R8f6 35.g3 Rf3 36.Bd3  1-0

[Event "Eu Team Ch (women)"]
[Site "Batumi GEO"]
[Date "1999.11.30"]
[Round "2"]
[White "Bojkovic,N"]
[Black "Zatonskih,A"]
[Result "1/2-1/2"]
[WhiteElo "2424"]
[BlackElo "2414"]

1.e4 e6 2.d4 d5 3.Nd2 Be7 4.Ngf3 Nf6 5.Bd3 c5 6.e5 Nfd7 7.c3 Nc6 8.O-O cxd4
9.cxd4 a5 10.a4 Nb4 11.Bb1 b6 12.Re1 Ba6 13.Nf1 Rc8 14.Ra3 Nb8 15.Ng3 h5
16.h3 Kd7 17.Nh2 g6 18.Rc3 N8c6 19.Ne2 Kc7 20.Nf4 Kb7 21.Be3 Qd7 22.Qf3 Na7
23.Qd1 Nac6 24.Qf3 Na7 25.Qd1 Nac6 26.Nf1 Rc7 27.Qf3 Rhc8 28.Rec1 Nd8 29.Qd1 Ndc6
30.Ng3 Bc4 31.Nge2 Ba2 32.Nd3 Bxb1 33.Rxb1 Nxd3 34.Qxd3 Bb4 35.Rcc1 Ne7  1/2-1/2

[Event "Belgian Interteams 1999-2000"]
[Site "Antwerp BEL"]
[Date "1999.11.??"]
[Round "5"]
[White "Lane,G"]
[Black "Schebler,G"]
[Result "1/2-1/2"]
[WhiteElo "2409"]
[BlackElo "2443"]

1.e4 e6 2.d4 d5 3.Nd2 Be7 4.Ngf3 Nf6 5.Bd3 c5 6.exd5 Qxd5 7.dxc5 Nbd7 8.Nb3 Nxc5
9.Nxc5 Bxc5 10.O-O b6 11.Qe2 Bb7 12.Bg5 O-O 13.Rfd1 Qc6 14.c3 Rad8 15.Bb5 Qc7
16.Bh4 Qf4 17.Bg3 Qg4 18.Ne5 Qxe2 19.Bxe2 h6 20.Bb5 a6  1/2-1/2

[Event "Belgian Interteams 1999-2000"]
[Site "Antwerp BEL"]
[Date "1999.11.??"]
[Round "5"]
[White "Coenen,N"]
[Black "Vandevoort,P"]
[Result "1/2-1/2"]
[WhiteElo "2387"]
[BlackElo "2306"]

1.e4 e6 2.d4 d5 3.Nd2 Be7 4.Bd3 c5 5.dxc5 Nf6 6.exd5 Qxd5 7.Ngf3 Nbd7 8.Bc4 Qxc5
9.O-O O-O 10.Qe2 Nb6 11.Bb3 Nbd5 12.Nc4 b5 13.Nce5 a5 14.c3 a4 15.Bc2 a3
16.c4 bxc4 17.Qxc4 Qxc4 18.Nxc4 Ba6 19.Bd3  1/2-1/2

[Event "Bundesliga 1999-2000"]
[Site "Bremen GER"]
[Date "1999.12.12"]
[Round "6"]
[White "Miralles,G"]
[Black "Knaak,R"]
[Result "1-0"]
[WhiteElo "2499"]
[BlackElo "2505"]

1.e4 e6 2.d4 d5 3.Nd2 Be7 4.Bd3 c5 5.dxc5 Nf6 6.exd5 Qxd5 7.Ne2 Qxg2 8.Rg1 Qxh2
9.Nb3 e5 10.Be3 Bg4 11.Qd2 Bxe2 12.Kxe2 Qh5+ 13.Ke1 Nc6 14.Rxg7 Qh1+ 15.Ke2 Qh5+
16.Ke1 Qh4 17.Qe2 h5 18.Bg5 Qh2 19.Rd1 Bf8 20.Rg6 Ng4 21.Rxc6 bxc6 22.Be4 Be7
23.Bxc6+ Kf8 24.Bxe7+ Kxe7 25.Rd7+ Kf6 26.Qf3+ Kg5 27.Bxa8 Rxa8 28.Rxf7 Qg1+
29.Ke2 Rd8 30.Nd2 Qc1 31.Qf5+  1-0

[Event "ch-COL"]
[Site "Fusagasuga COL"]
[Date "1999.12.17"]
[Round "6"]
[White "Acosta,A COL"]
[Black "Mosquera,M"]
[Result "1/2-1/2"]
[WhiteElo "2323"]
[BlackElo "2315"]

1.e4 e6 2.d4 d5 3.Nd2 a6 4.Ngf3 c5 5.exd5 exd5 6.dxc5 Bxc5 7.Bd3 Qe7+ 8.Be2 Nf6
9.O-O O-O 10.Nb3 Ba7 11.Bg5 Qd6 12.c3 Ne4 13.Bh4 Nc6 14.Nbd4 Re8 15.Re1 Bg4
16.Qd3 Qf4 17.Bg3 Nxg3 18.hxg3 Qf6 19.Rad1 Nxd4  1/2-1/2

[Event "ch-RUS KO"]
[Site "Moscow RUS"]
[Date "1999.12.22"]
[Round "4.2"]
[White "Dvoirys,S"]
[Black "Lastin,A"]
[Result "0-1"]
[WhiteElo "2590"]
[BlackElo "2552"]

1.e4 e6 2.d4 d5 3.Nd2 Be7 4.c3 c5 5.e5 Nc6 6.Nb3 c4 7.Nd2 f6 8.Ndf3 fxe5
9.Nxe5 Nf6 10.Nxc6 bxc6 11.Nf3 O-O 12.Be2 Ne4 13.O-O c5 14.Be3 Qc7 15.Qc2 Bf6
16.Rad1 Rb8 17.dxc5 Nxc5 18.Ng5 Bxg5 19.Bxg5 Bd7 20.Rd4 Be8 21.Be3 Bg6 22.Qd2 Ne4
23.Qc1 Rb7 24.f3 Nd6 25.Bf4 Qb6 26.Rf2 Nf5 27.Rd2 Ne7 28.Be5 Nc6 29.Bg3 Qa5
30.a3 Qc5 31.Bf1 e5 32.Kh1 Re7 33.Qd1 d4 34.b3 cxb3 35.Qxb3+ Kh8 36.cxd4 exd4
37.Rd1 Re3 38.Qb7 Bc2 39.Rc1 d3 40.Qd7 Ne5 41.Rfxc2 Nxd7 42.Rxc5 Nxc5 43.Bf2 Re5
44.Kg1 d2 45.Rd1 Rd8 46.Bh4 Rdd5 47.Bg3 Re8 48.Bb5 Rc8 49.Bf2 Nd3  0-1

[Event "It"]
[Site "Pamplona ESP"]
[Date "1999.12.31"]
[Round "5"]
[White "Almasi,Z"]
[Black "Timman,J"]
[Result "1-0"]
[WhiteElo "2663"]
[BlackElo "2650"]

1.e4 e6 2.d4 d5 3.Nd2 Be7 4.Bd3 c5 5.dxc5 Nf6 6.Qe2 Nc6 7.Ngf3 Nb4 8.Nb3 Nxd3+
9.cxd3 a5 10.Bg5 a4 11.Nbd2 dxe4 12.dxe4 Nd7 13.Bxe7 Qxe7 14.Rc1 O-O 15.Qe3 Ra5
16.O-O Rxc5 17.Qa3 b5 18.Ne5 Re8 19.Rxc5 Qxc5 20.Qxc5 Nxc5 21.Rc1 Nd7 22.Nd3 Rd8
23.Kf1 f5 24.f3 Nf6 25.Ke2 fxe4 26.fxe4 Bd7 27.h3 Be8 28.Ke3 Nd7 29.Rc7 Bf7
30.a3 Be8 31.Nf3 Rb8 32.Nd4 Nf8 33.Ne5 h6 34.Re7 Rc8 35.g4 Kh7 36.Nxe6 Nxe6
37.Rxe6 b4 38.axb4 Bb5 39.Rb6 Bf1 40.h4 Rc2 41.h5 Re2+ 42.Kf3 Rxb2 43.Rb8 g5
44.hxg6+ Kg7 45.Rb7+ Kg8 46.Nd7 Kg7 47.Nc5+ Kxg6 48.Nxa4 Bg2+ 49.Kg3 Re2
50.Rb6+ Kg7 51.Nc3 Rc2 52.b5 Bf1 53.Rc6  1-0

[Event "Alushta zt (Women)"]
[Site "Alushta"]
[Date "1999.??.??"]
[Round "?"]
[White "Zozulia, Anna"]
[Black "Kononenko, Tatiana"]
[Result "1-0"]
[WhiteElo "2327"]
[BlackElo "2295"]

1.e4 e6 2.d4 d5 3.Nd2 Be7 4.c3 c5 5.Ngf3 Nf6 6.Bd3 cxd4 7.Nxd4 Nbd7 8.O-O dxe4
9.Nxe4 Nxe4 10.Bxe4 Nf6 11.Bc2 Qc7 12.Nb5 Qc6 13.Bf4 O-O 14.Nc7 e5 15.Bxe5 Bg4
16.Qd2 Rac8 17.Qf4 Bd7 18.Rad1 b5 19.Qg3 g6 20.Bxf6 Bxf6 21.Nd5 Bd8 22.Be4 Qc4
23.Rfe1 Be6 24.a3 f5 25.Rd4 Qb3 26.Qd6 Bf7 27.Rb4 Qa2 28.Bf3 Bg5 29.h4 Rcd8
30.Nf6+ Kg7 31.Nh5+ gxh5 32.Qg3 Bg6 33.Qxg5 Rd7 34.Rxb5 h6 35.Re7+ Rf7 36.Rxf7+ Rxf7
37.Qf4 Qe6 38.Qd4+ Kh7 39.Bd5 Qe1+ 40.Kh2 Re7 41.Rb7 Rxb7 42.Bxb7 Qe7 43.Bf3 Qc7+
44.g3 a5 45.Qd5 Kg7 46.Qb7  1-0

[Event "Alushta zt (Women)"]
[Site "Alushta"]
[Date "1999.??.??"]
[Round "?"]
[White "Melamed, Tatiana"]
[Black "Kononenko, Tatiana"]
[Result "1/2-1/2"]
[WhiteElo "2328"]
[BlackElo "2295"]

1.e4 e6 2.d4 d5 3.Nd2 Be7 4.Ngf3 Nf6 5.Bd3 c5 6.e5 Nfd7 7.c3 b6 8.O-O Ba6
9.Bxa6 Nxa6 10.Qe2 Nc7 11.Re1 Qc8 12.Nf1 Qa6 13.Qd1 b5 14.Ng3 g6 15.Bh6 c4
16.Qd2 Bf8 17.h4 Bxh6 18.Qxh6 O-O-O 19.Qf4 Rdf8 20.Nf1 h6 21.Ne3 f5 22.exf6 Nxf6
23.Ng4 Ne4 24.Qe3 Qd6 25.Nge5 Rf6 26.a4 a6 27.axb5 axb5 28.Rf1 g5 29.hxg5 hxg5
30.Nxg5 Rfh6 31.Nh3 Qe7 32.f4 Qg7 33.Rf3 Rg8 34.Ng5 Rgh8 35.Nh3 Rg8  1/2-1/2

[Event "AUT-chT 9899"]
[Site "AUT"]
[Date "1999.??.??"]
[Round "?"]
[White "Penz, Harald"]
[Black "Baumegger, Siegfried"]
[Result "1/2-1/2"]
[WhiteElo "2390"]
[BlackElo "2495"]

1.e4 e6 2.d4 d5 3.Nd2 Be7 4.c3 c5 5.dxc5 Nf6 6.exd5 Qxd5 7.Ngf3 Qxc5 8.Nb3 Qc7
9.Bd3 Nbd7 10.O-O O-O 11.Bg5 b6 12.Qe2 Bb7 13.Rfe1 Rfe8 14.Rad1 Nd5 15.Be4 Bxg5
16.Nxg5 h6 17.Bxd5 Bxd5 18.Ne4 Red8 19.Rd4 Ne5 20.Ned2 Ng6 21.Nf3 Bb7 22.Red1 e5
23.Rxd8+ Rxd8 24.Rxd8+ Qxd8 25.Qd2 Qf6 26.Ne1 Nf4 27.f3 Qf5 28.Nc1 e4 29.fxe4 Bxe4
30.Ne2 Qc5+ 31.Nd4 g5 32.Qe3 Qd5 33.Nef3 f6 34.h4 Ne6 35.Nxe6 Qxe6 36.hxg5 hxg5
37.Nd2 Bd5 38.Qxe6+ Bxe6 39.a3 Kf7 40.Kf2 f5 41.g3 Kf6 42.Nf3 Bd5 43.Nd4 Ke5
44.Ke3 f4+ 45.gxf4+ gxf4+ 46.Kd3 Be4+ 47.Ke2 Bb7 48.Nb3 Bd5 49.Nd2 Kf5 50.Kf2 a5
51.Ke2 a4 52.Kf2 b5 53.Ke2 Kg4 54.Kf2 Kf5 55.Ke2 Kg5 56.Kf2 Kg4 57.Nf1 Kf5
58.Nd2 Bc4 59.Kf3 Ke5 60.Kf2 Bf7 61.Nf3+ Kd5 62.Nd2 Bh5 63.Kg2 Ke5 64.Kf2 Be8
65.b3 axb3 66.Nxb3 Kd5  1/2-1/2

[Event "ROM-ch sf"]
[Site "Baile Tusnad"]
[Date "1999.??.??"]
[Round "7"]
[White "Geanta, Horia"]
[Black "Anitoaie, Dumitru"]
[Result "1/2-1/2"]
[WhiteElo "2235"]
[BlackElo "2350"]

1.e4 e6 2.d4 d5 3.Nd2 a6 4.Ngf3 c5 5.exd5 exd5 6.Be2 Nc6 7.O-O cxd4 8.Re1 Be7
9.Nb3 Nf6 10.Nfxd4 O-O 11.Bg5 h6 12.Bh4 a5 13.a4 Ne5 14.Bd3 Nxd3 15.Qxd3 g5
16.Bg3 Ne4 17.Nb5 Nxg3 18.hxg3 Bf6 19.c3 Bg4 20.N3d4 Qb6 21.Nf5 Bxf5 22.Qxf5 Rad8
23.Rad1 d4 24.cxd4 Bxd4 25.Nxd4 Rxd4 26.Rxd4 Qxd4 27.Qxa5 Qxb2 28.Qb5 Qxb5
29.axb5 Rd8 30.Re7 Rd1+ 31.Kh2 b6 32.Rb7 Rd6 33.g4 Kg7 34.Kg3 Kf6 35.Kf3 Kg6
36.Ke4 h5 37.gxh5+ Kxh5 38.Rxf7 Rd2 39.Rf5 Rb2 40.f4 Rb4+ 41.Kf3 Rb3+ 42.Kf2 Kg4
43.Rxg5+ Kxf4 44.Rh5 Rb2+ 45.Kf1 Kg3 46.Rf5 Kg4 47.Rd5 Kg3 48.Ke1 Kf4  1/2-1/2

[Event "Berlin Tegel-B"]
[Site "Berlin"]
[Date "1999.??.??"]
[Round "10"]
[White "Zapolskis, Antanas"]
[Black "Giemsa, Stephan"]
[Result "1-0"]
[WhiteElo "2400"]
[BlackElo "2295"]

1.e4 e6 2.d4 d5 3.Nd2 a6 4.Ngf3 c5 5.exd5 exd5 6.Be2 c4 7.O-O Bd6 8.b3 cxb3
9.axb3 Nc6 10.Re1 Nge7 11.Nf1 Bb4 12.Bd2 Bxd2 13.Qxd2 O-O 14.Bd3 Bf5 15.Ne3 Be4
16.Ng5 Nxd4 17.Nxd5 Nxd5 18.Rxe4 Ne6 19.Nxe6 fxe6 20.Rae1 Kh8 21.g3 Nf6 22.Rxe6 Ng4
23.R1e2 Qd5 24.Bc4 Qh5 25.h4 b5 26.Qd5 Qf7 27.Re7 Qxd5 28.Bxd5 Rad8 29.Bc6 Rc8  1-0

[Event "Ceske Budejovice op"]
[Site "Ceske Budejovice"]
[Date "1999.??.??"]
[Round "1"]
[White "Kaderabek, Jiri"]
[Black "Sarakauskas, Gediminas"]
[Result "0-1"]
[WhiteElo "2130"]
[BlackElo "2330"]

1.e4 e6 2.d4 d5 3.Nd2 Nc6 4.Ngf3 Nf6 5.e5 Nd7 6.c3 f6 7.exf6 Qxf6 8.Bb5 Bd6
9.Nb3 O-O 10.Be3 Kh8 11.Qd2 e5 12.O-O-O e4 13.Ne1 Nb6 14.Kb1 Bg4 15.Rc1 Nc4
16.Bxc4 dxc4 17.Na1 b5 18.Nac2 a5 19.h3 Bh5 20.g4 Bf7 21.h4 b4 22.g5 Qf5
23.h5 bxc3 24.Qxc3 Bb4 25.Nxb4 axb4 26.Qd2 Rxa2 27.g6 c3  0-1

[Event "CZE-chT2 9899"]
[Site "CZE"]
[Date "1999.??.??"]
[Round "?"]
[White "Trefny, Vlastimil"]
[Black "Gdovin, Jan"]
[Result "1/2-1/2"]
[WhiteElo "2250"]
[BlackElo "2235"]

1.e4 e6 2.d4 d5 3.Nd2 a6 4.Ngf3 c5 5.c3 cxd4 6.cxd4 Nc6 7.Bd3 Qb6 8.Nb3 dxe4
9.Bxe4 Nf6 10.Bc2 Nb4 11.Bb1 Bd7 12.O-O Ba4 13.Bg5 Be7 14.Re1 O-O 15.Ne5 Nbd5
16.Qd3 g6 17.Nc4 Qd8 18.Nc5 Bc6 19.Qe2 b6 20.Ne5 Bb5 21.Ncd3 Nb4 22.Bh6 Nxd3
23.Bxd3 Bxd3 24.Qxd3 Re8 25.Nc6 Qd7 26.Nxe7+ Qxe7 27.Bg5 Kg7 28.Qh3 h5 29.Qh4 Rad8
30.Rad1 Rd5 31.Re5 Red8 32.Qf4 Rxe5 33.Qxe5 Rd5 34.Qf4 Rf5 35.Qe3 Qd6 36.h3 Nd5
37.Qd2 f6 38.Be3 Ne7 39.Rc1 Rd5 40.Qe2 a5 41.Qc4 Kf7 42.Qa6 Qb8 43.a3 Rd7
44.Qc4 Nd5 45.Qc8 Qxc8 46.Rxc8 Rc7 47.Rxc7+ Nxc7 48.Kf1 g5 49.Ke2 a4 50.Kd3 b5
51.g4 hxg4 52.hxg4 Nd5 53.Bd2 Ke7 54.Ke4 Nb6 55.Bb4+ Kd7 56.f4 gxf4 57.Kxf4 Nd5+
58.Ke4 Nxb4 59.axb4 Kd6 60.Ke3 Kd5 61.Kd3 Kc6 62.Ke4 Kd7 63.Ke3 Kd6 64.Ke2 Ke7
65.Kf3 Kf7 66.Kf4 Kg6 67.Kg3 Kg5 68.Kf3 Kg6  1/2-1/2

[Event "Espe Cup"]
[Site "ECU"]
[Date "1999.??.??"]
[Round "?"]
[White "Mieles Palau, Daniel P"]
[Black "Pazos, Plinio"]
[Result "1/2-1/2"]
[WhiteElo "2225"]
[BlackElo "2365"]

1.e4 e6 2.d4 d5 3.Nd2 Nc6 4.c3 e5 5.exd5 Qxd5 6.Ngf3 exd4 7.Bc4 Qc5 8.O-O Be7
9.cxd4 Nxd4 10.Nxd4 Qxd4 11.Qa4+ Qd7 12.Qb3 Qf5 13.Qg3 Kf8 14.Qxc7 Nf6 15.Re1 Qc5
16.Qxc5 Bxc5 17.Nb3 Bb4 18.Bd2 Bxd2 19.Nxd2 Bd7 20.Nf3 Rc8 21.Ne5 Be6 22.Bxe6 fxe6
23.Nf3 Rc6 24.Nd4 Rb6 25.Rac1 Kf7 26.Rc7+ Kg6 27.Nxe6 Re8 28.Nf4+ Kf5 29.Rxe8 Nxe8
30.Rf7+ Nf6  1/2-1/2

[Event "Cataluna-chT"]
[Site "ESP"]
[Date "1999.??.??"]
[Round "8"]
[White "Medina Garcia, Antonio Angel"]
[Black "Codina Garcia, Jose"]
[Result "1/2-1/2"]
[WhiteElo "2425"]
[BlackElo "2225"]

1.e4 e6 2.d4 d5 3.Nd2 Be7 4.Bd3 dxe4 5.Nxe4 Nf6 6.Nf3 Nbd7 7.O-O c5 8.c3 O-O
9.Qe2 Qc7 10.Bg5 b6 11.Nxf6+ Nxf6 12.dxc5 Bxc5 13.Ne5 Bb7 14.Rad1 Be7 15.Bxf6 Bxf6
16.Nd7 Rfd8 17.Nxf6+ gxf6 18.Be4 Rxd1 19.Rxd1 Bxe4 20.Qxe4 Rd8 21.Rd4 f5
22.Qe3 Rxd4 23.Qxd4 Qb7 24.c4 Qa6 25.a3 Qa4 26.h4 h6 27.h5 Qc2 28.Kh2 Qe2
29.f3 e5 30.Qc3 e4 31.b4 e3 32.c5 Qf2 33.Qd4 Qd2 34.Qf4 bxc5 35.bxc5 Qc3
36.c6 e2 37.Qg3+ Kh7 38.c7 f4 39.Qf2 e1=Q 40.Qxe1 Qxe1 41.c8=Q Qg3+ 42.Kg1  1/2-1/2

[Event "Espoo op"]
[Site "Espoo"]
[Date "1999.??.??"]
[Round "4"]
[White "Sorsa, Nuutti"]
[Black "Lehtivaara, Risto"]
[Result "1/2-1/2"]
[WhiteElo "2226"]
[BlackElo "2227"]

1.e4 e6 2.d4 d5 3.Nd2 Nc6 4.Ngf3 Nf6 5.e5 Nd7 6.c3 f6 7.exf6 Qxf6 8.Bb5 Bd6
9.Nf1 e5 10.Bg5 Qg6 11.dxe5 Ncxe5 12.Nxe5 Qxg5 13.Nf3 Qe7+ 14.Ne3 c6 15.O-O O-O
16.Nxd5 cxd5 17.Qxd5+ Kh8 18.Rad1 Ne5 19.Nxe5 Bxe5 20.Rde1 Bxh2+ 21.Kxh2 Qc7+  1/2-1/2

[Event "Euskadi-ch13"]
[Site "Euskadi"]
[Date "1999.??.??"]
[Round "4"]
[White "Munoz Perez, Ivan"]
[Black "Limeres, Cristobal"]
[Result "1/2-1/2"]
[WhiteElo "2275"]
[BlackElo "2290"]

1.e4 e6 2.d4 d5 3.Nd2 a6 4.Ngf3 c5 5.exd5 exd5 6.Be2 Nf6 7.O-O Nc6 8.Re1 Be6
9.dxc5 Bxc5 10.Nb3 Ba7 11.Nbd4 Ne4 12.Be3 O-O 13.c3 Bg4 14.h3 Bd7 15.Qb3 Nxd4
16.Bxd4 Bxd4 17.Nxd4 Qh4 18.Qxd5 Qxf2+ 19.Kh2 Qg3+ 20.Kg1 Qf2+ 21.Kh2 Qf4+
22.Kg1 Bxh3 23.Bf3 Nf6 24.Qxb7 Rab8 25.Qxa6 Rxb2 26.Re2 Rxe2 27.Qxe2 Re8
28.Qf2 Bg4 29.a4 Ne4 30.Bxe4 Qxe4 31.a5 Qd3 32.Re1 Rf8 33.Qe3 Qc4 34.Ra1 Bc8
35.Kh2 Bb7 36.Nf5 Qg4 37.Ne7+ Kh8 38.Qg3 Qd7 39.Qe3 Re8 40.Re1 Qc7+ 41.Kh1 Ra8  1/2-1/2

[Event "FRA-chT 9899"]
[Site "FRA"]
[Date "1999.??.??"]
[Round "10"]
[White "Kozakov, Mikhail"]
[Black "Legky, Nikolay A"]
[Result "1-0"]
[WhiteElo "2420"]
[BlackElo "2487"]

1.e4 e6 2.d4 d5 3.Nd2 a6 4.Bd3 c5 5.dxc5 Bxc5 6.Ngf3 Nc6 7.a3 Nf6 8.Qe2 O-O
9.O-O Qc7 10.b4 Nd4 11.Nxd4 Bxd4 12.Rb1 e5 13.exd5 Bg4 14.Qe1 Rfe8 15.Nb3 Bc3
16.d6 Qc6 17.Na5 Qc8 18.Bd2 e4 19.Be2 Bf3 20.Nc4 Bd4 21.h3 Qf5 22.Qd1 Bxe2
23.Qxe2 Rad8 24.Rfd1 b5 25.Be3 Bxe3 26.Nxe3 Qe5 27.c4 bxc4 28.Nxc4 Qb5 29.Qa2 Re6
30.a4 Qg5 31.Qd2 e3 32.Nxe3 Ne4 33.Qd5 Re5 34.Qd4 Nxf2 35.Kxf2 Rxd6 36.Qc3 Rc6
37.Qxe5  1-0

[Event "Gent op 22nd"]
[Site "Gent"]
[Date "1999.??.??"]
[Round "5"]
[White "Van Coppenolle, K."]
[Black "Wagenmakers, Eric Jan"]
[Result "0-1"]
[WhiteElo "2105"]
[BlackElo "2285"]

1.e4 e6 2.d4 d5 3.Nd2 Nc6 4.c3 e5 5.exd5 Qxd5 6.Qf3 Qxf3 7.Ngxf3 exd4 8.cxd4 Nf6
9.Bc4 Bd6 10.O-O O-O 11.h3 Re8 12.Nb3 h6 13.Bd2 Bf5 14.Bc3 Be4 15.Nc5 Bxf3
16.gxf3 Bxc5 17.dxc5 Ne5 18.Bxe5 Rxe5 19.b4 a5 20.a3 Rf5 21.Kg2 Rf4 22.Ba2 axb4
23.axb4 Kf8  0-1

[Event "Oberliga Ost B9899"]
[Site "GER"]
[Date "1999.??.??"]
[Round "?"]
[White "Oumnov, Aleksei"]
[Black "Stimpel, Franz"]
[Result "0-1"]
[WhiteElo "2245"]
[BlackElo "2215"]

1.e4 e6 2.d4 d5 3.Nd2 Be7 4.g3 Nf6 5.Bg2 O-O 6.Ne2 c5 7.dxc5 dxe4 8.b4 a5
9.c3 axb4 10.cxb4 Nc6 11.Qb3 Nd5 12.Ba3 Rxa3 13.Qxa3 Ndxb4 14.Bxe4 f5 15.Bb1 Bf6
16.Nb3 Qd5 17.O-O Qf3 18.Re1 Bxa1 19.Qc1 Bf6 20.Nf4 Bg5  0-1

[Event "NRW-Liga I 9899"]
[Site "GER"]
[Date "1999.??.??"]
[Round "6"]
[White "Kassebaum, Roman"]
[Black "Gutheil, Heinrich"]
[Result "1-0"]
[WhiteElo "2320"]
[BlackElo "2095"]

1.e4 e6 2.d4 d5 3.Nd2 Nc6 4.Ngf3 Nf6 5.e5 Nd7 6.c3 f6 7.Bd3 fxe5 8.Nxe5 Ndxe5
9.dxe5 Nxe5 10.Qh5+ Nf7 11.Bxh7 Be7 12.Nf3 Qd6 13.O-O Bf6 14.g4 Kf8 15.g5 Ne5
16.Nh4 g6 17.Nxg6+ Nxg6 18.gxf6  1-0

[Event "GER-ch 11th Seniors"]
[Site "Germany"]
[Date "1999.??.??"]
[Round "?"]
[White "Kuehn, Peter"]
[Black "Stimpel, Franz"]
[Result "0-1"]
[WhiteElo "1900"]
[BlackElo "2190"]

1.e4 e6 2.d4 d5 3.Nd2 Be7 4.Ngf3 Nf6 5.e5 Nfd7 6.Bd3 c5 7.c3 Nc6 8.O-O Qb6
9.Re1 cxd4 10.cxd4 Nxd4 11.Nxd4 Qxd4 12.Nb3 Qb6 13.Be3 Qd8 14.f4 O-O 15.Rc1 g6
16.Bb1 b6 17.Nd4 Bb7 18.Qg4 Kh8 19.a3 a5 20.Qh3 Bc5 21.Rc3 Qe7 22.Bf2 Rfe8
23.Rg3 Nf8 24.Qh6 f5 25.Rh3 Rac8 26.Kh1 Qg7 27.Qh4 Ba6 28.Rc3 Be7 29.Qh3 Rxc3
30.Qxc3 Rc8 31.Qg3 Bc5 32.h3 Qe7 33.Kh2 Bc4 34.Kh1 Qd7 35.Kh2 a4 36.Qg5 Qe7
37.Qg3 b5 38.Kh1 Qa7 39.Rd1 Qd7 40.Kh2 Qe7 41.Kh1 Nd7 42.Kh2 Nb8 43.Nf3 Kg7
44.Bxc5 Rxc5 45.Nd4 Nc6 46.Qg5 Qf7 47.Nxc6 Rxc6 48.Rc1 Rc7 49.Kh1 Qe7 50.Qg3 d4
51.Rd1 Rd7 52.Kh2 d3 53.Qf2 Qd8 54.Qc5 d2 55.Qb4 Bb3  0-1

[Event "GER-ch 11th Seniors"]
[Site "Germany"]
[Date "1999.??.??"]
[Round "?"]
[White "Reer, Erdmann"]
[Black "Schatzberg, Wolfgang"]
[Result "1-0"]
[WhiteElo "2185"]
[BlackElo "1950"]

1.e4 e6 2.d4 d5 3.Nd2 Nc6 4.Ngf3 Nh6 5.Be2 f5 6.exd5 exd5 7.O-O Bd6 8.c4 Be6
9.cxd5 Bxd5 10.Bc4 Be7 11.Qb3 Na5 12.Qa4+ c6 13.Bxd5 Qxd5 14.b4 Nc4 15.Nxc4 Qxc4
16.Bxh6 gxh6 17.Rfe1 Kf8 18.Re5 Qxb4 19.Qc2 Qd6 20.Rae1 Re8 21.Qxf5+ Kg7
22.Re6 Qd8 23.Qh5 Rhg8 24.Rxh6 Rh8 25.Rhe6 h6 26.Qg6+ Kf8 27.Ne5  1-0

[Event "Figueira Foz Honra"]
[Site "Honra"]
[Date "1999.??.??"]
[Round "2"]
[White "Correia, Mario Rui"]
[Black "Alho, Diogo"]
[Result "0-1"]
[WhiteElo "2105"]
[BlackElo "2000"]

1.e4 e6 2.d4 d5 3.Nd2 Nc6 4.Ngf3 Nf6 5.e5 Nd7 6.c3 f6 7.exf6 Qxf6 8.Bd3 Bd6
9.O-O e5 10.dxe5 Ndxe5 11.Nxe5 Nxe5 12.Be2 O-O 13.Nf3 c6 14.Be3 Ng4 15.Bd4 Qh6
16.h3 Be6 17.Qd2 Bf4 18.Qd1 Bd6 19.Qd2 Bf4 20.Qd1 Nf6 21.Be5 Ne4 22.Bxf4 Rxf4
23.Nd4 Bxh3 24.gxh3 Qxh3 25.Qd3 Rg4+ 26.Bxg4 Qxd3 27.Rad1 Qa6 28.Rfe1 Qb6
29.Re2 Qd8 30.Ne6 Qh4 31.f3 Nf6 32.Rh2 Qg3+ 33.Rg2 Qd6 34.Bh3 g6 35.Re1 Re8
36.Ree2 c5 37.f4 d4 38.cxd4 cxd4 39.f5 d3 40.Rd2 Rxe6 41.fxe6 Ne4 42.Rd1 Qd4+
43.Kh2 d2 44.Re2 Qe5+ 45.Kg1 Qd4+ 46.Kh2 Qd3 47.Rg2 Qf3 48.Bg4 Qf4+ 49.Kg1 Qe3+
50.Kh2 Nf2 51.e7 Nxd1 52.Bxd1 Qe5+ 53.Kh1 Qxe7 54.Re2 Qh4+ 55.Kg2 Qe1 56.Bb3+ Kg7  0-1

[Event "EU-ch02 blind "]
[Site "Krynica"]
[Date "1999.??.??"]
[Round "6"]
[White "Wojcieszyn, Zdzislaw"]
[Black "Mikhalev, Alexei"]
[Result "0-1"]
[WhiteElo "2105"]
[BlackElo "2260"]

1.e4 e6 2.d4 d5 3.Nd2 a6 4.c3 c5 5.Ngf3 Nc6 6.exd5 exd5 7.dxc5 Bxc5 8.Nb3 Bb6
9.Bd3 Nf6 10.Qe2+ Be6 11.O-O O-O 12.Bg5 Bg4 13.Qd1 Qd6 14.Bh4 Rfe8 15.Bg3 Qd7
16.Be2 h6 17.Re1 Bxf3 18.Bxf3 Rxe1+ 19.Qxe1 Re8 20.Qd2 Qf5 21.Rd1 Ne5 22.Bxe5 Qxe5
23.Nd4 Bxd4 24.cxd4 Qe6 25.g3 Rc8 26.Rc1 Rc6 27.Rc3 Qc8 28.Qc2 Rxc3 29.Qxc3 Qxc3
30.bxc3 Kf8 31.Kf1 Ke7 32.Ke2 Kd6 33.Kd3 Nd7 34.Kc2 Nb6 35.Be2 Kc6 36.Kb3 Nd7
37.Kb4 f5 38.Bh5 Nf6 39.Be2 Ne4 40.f3 Nd6 41.Bd3 g6 42.Kb3 g5 43.Kc2 f4 44.gxf4 gxf4
45.Kd2 Kb6 46.Kc2 Ka5 47.Kb3 b5 48.Bh7 Nc4 49.Bg6 Ne3 50.Kb2 Ka4 51.Bh7 Nd1+
52.Kc2 Nf2 53.Bf5 Ka3 54.Be6 Kxa2 55.Bxd5+ Ka3 56.Bb7 a5 57.d5 b4 58.cxb4 axb4
59.d6 b3+ 60.Kb1 Nd1 61.Be4 Nc3+ 62.Kc1 b2+ 63.Kc2 b1=Q+  0-1

[Event "Mondariz-A"]
[Site "Mondariz"]
[Date "1999.??.??"]
[Round "2"]
[White "Reinaldo Castineira, Roi"]
[Black "Alonso Martinez, Tomas"]
[Result "1-0"]
[WhiteElo "2325"]
[BlackElo "2220"]

1.e4 e6 2.d4 d5 3.Nd2 Nc6 4.Ngf3 Nf6 5.e5 Nd7 6.Be2 f6 7.exf6 Qxf6 8.Nf1 Bd6
9.Ne3 O-O 10.O-O Qg6 11.c4 Nf6 12.a3 Kh8 13.b4 Ne4 14.Bb2 Ng5 15.cxd5 exd5
16.Nxd5 Rxf3 17.Bxf3 Nxf3+ 18.Qxf3 Bg4 19.Qc3 Qh5 20.h3 Be6 21.Ne3 Bxh3 22.gxh3 Qxh3
23.f4  1-0

[Event "RUS-ch sf"]
[Site "Novosibirsk"]
[Date "1999.??.??"]
[Round "6"]
[White "Kargin, Arseny"]
[Black "Nikitin, Andrey"]
[Result "0-1"]
[WhiteElo "2251"]
[BlackElo "2418"]

1.e4 e6 2.d4 d5 3.Nd2 Be7 4.Ngf3 Nf6 5.Bd3 c5 6.dxc5 dxe4 7.Nxe4 Nxe4 8.Bxe4 Qxd1+
9.Kxd1 Bxc5 10.Be3 Bxe3 11.fxe3 Nd7 12.Ke2 Nc5 13.Nd2 Nxe4 14.Nxe4 Bd7 15.c4 Bc6
16.Nc3 Ke7 17.Kf2 Rhd8 18.Rhd1 f5 19.g3 g5 20.b4 b6 21.Rac1 Rac8 22.Rxd8 Rxd8
23.Rd1 Rc8 24.Rc1 Be8 25.Ne2 e5 26.h4 gxh4 27.gxh4 Bf7 28.c5 bxc5 29.bxc5 Rc7
30.Ng3 Kf6 31.Rc2 Rc6 32.a3 Be8 33.Rd2 Bf7 34.Rc2 h6 35.Ke1 Be6 36.Rf2 Kg6
37.Rc2 Bd5 38.Rf2 Be6 39.Rc2 Bc8 40.Rd2 Rxc5 41.Rd6+ Kh7 42.Rf6 Rc3 43.Nxf5 Bxf5
44.Rxf5 Rxe3+ 45.Kd2 Kg6 46.Rf8 Rxa3 47.Re8 Ra5 48.Re6+ Kh5 49.Ke3 Ra4 50.Kf3 Kxh4
51.Rxh6+ Kg5 52.Rh7 Kf5 53.Rf7+ Ke6 54.Rf8 a5 55.Re8+ Kd6 56.Rd8+ Ke7 57.Ra8 Rf4+
58.Ke3 a4 59.Ra6 Rh4 60.Kf3 Kd7 61.Rg6 Rf4+ 62.Ke3 Rh4 63.Kf3 Kc7 64.Re6 a3  0-1

[Event "GER-ch U16"]
[Site "Oberhof"]
[Date "1999.??.??"]
[Round "?"]
[White "Silber, Henning"]
[Black "Tydecks, Hermann"]
[Result "1/2-1/2"]
[WhiteElo "2050"]
[BlackElo "2010"]

1.e4 e6 2.d4 d5 3.Nd2 Be7 4.Bd3 dxe4 5.Nxe4 Nd7 6.Nf3 Ngf6 7.O-O Nxe4 8.Bxe4 Nf6
9.Bd3 O-O 10.Bg5 b6 11.Qe2 Bb7 12.Rfd1 h6 13.Bh4 Nh7 14.Bg3 Ng5 15.Nxg5 Bxg5
16.c3 Bh4 17.Bf4 Bg5 18.Be5 Bf6 19.Bc2 Bxe5 20.Qxe5 Qd5 21.Qg3 Qd6 22.Qd3 g6
23.Qe2 Rfe8 24.Re1  1/2-1/2

[Event "Presov op"]
[Site "Presov"]
[Date "1999.??.??"]
[Round "2"]
[White "Plasgura, Petr"]
[Black "Juricek, Stanislav"]
[Result "1/2-1/2"]
[WhiteElo "2053"]
[BlackElo "2274"]

1.e4 e6 2.d4 d5 3.Nd2 Nc6 4.c3 e5 5.Ngf3 exd4 6.Nxd4 Nxd4 7.cxd4 dxe4 8.Nxe4 Nf6
9.Nc3 Be6 10.Be3 Be7 11.Bd3 O-O 12.O-O Qd7 13.Qc2 h6 14.a3 Nd5 15.Rfe1 Rad8
16.Ne4 b6 17.Rab1 c6 18.Nd2 Nxe3 19.fxe3 c5 20.Nf3 cxd4 21.Nxd4 Bc5 22.Nb5 Qe7
23.b4 Bd6 24.Nd4 Rc8 25.Nc6 Qc7 26.b5 Bxh2+ 27.Kh1 Bg3 28.Rf1 Bg4 29.Rbc1 Qd6
30.a4 Kh8 31.Bf5 Bxf5 32.Qxf5 a5 33.Rcd1 Qe6 34.Qf3 Bd6 35.Rd5 Rce8 36.e4 f6
37.Nd4 Qe7 38.Nf5 Qxe4 39.Qxe4 Rxe4 40.Rxd6 Rxa4 41.Rxb6 Re8 42.Rb7 Rg8 43.Rf2  1/2-1/2